Регионална библиотека "Любен Каравелов" - Русе

Завладяването на Америка (Запис номер 77481)

MARC детайли
000 -Лидер
Контролно поле с фиксирана дължина 02240nam a2200409 a 4500
003 - Код на организацията, давaща контролен номер
Контролно поле BLK
005 - Дата и час на последна редакция
Контролно поле 20241220095603.0
008 - Елементи от данни с фиксирана дължина
fixed length control field 180408b bul|||||r ||||||| ||bul||
010 ## - Наследен системен номер
LC control number KNG00081938000
040 ## - Източник на каталожния запис
Идентификатор на билиотеката - собственик на записа BLK
041 ## - Код за език
Код за езика на текст/звукозапис или на отделно заглавие Български
Код за езика КДБФ Български
080 ## - УДК
Текстов определител УДК История на цивилизацията. История на културата
УДК код - определител по УДК 930.85
УДК определител .000.17
УДК - код + определител 930.85.000.17
080 ## - УДК
Текстов определител УДК Цивилизация. Култура. Прогрес. История на културата вж 930.85
УДК код - определител по УДК 008
УДК определител .000.003
УДК - код + определител 008.000.003
080 ## - УДК
Текстов определител УДК Етнология. Етнография. Нрави. Обичаи. Бит. Фолклористика. Вж и 572 ; 903 ; 904
УДК код - определител по УДК 39
УДК - код + определител 39
100 1# - Редна дума - Автор
Автор Тодоров, Цветан
Авторска отговорност първи автор
Автор - информация (биография) Боров, Цветан Тодоров
R(LIN) 363479
139 ## - Редно поле
Редна дума Тодоров, Цветан
Авторски знак Тодо - Т 64
245 10 - Сведения за заглавието
Заглавие Завладяването на Америка
Подзаглавни данни Въпросът за другия : Изследвани
Редно поле (дума) Цветан Тодоров; * Цветан Тодоров Боров; прев. от фр. Стоян Илиев Атанасов.
257 ## - Страна на издаване
Страна на създаване/издаване Франция
260 ## - Област на издателските данни
Място на издаване, разпространение и проч. София
Име на издателя, разпространителя и проч. Унив. изд. Св. Климент Охридски
Година на издаване 1992
300 ## - Физическа характеристика
Страници 248 с.
Илюстрации и др. с ил.
Размери/Мащаб 22 см
380 ## - Жанр
Жанр История
490 ## - СЕРИИ (Колекции)
Име на серия Библиотека Идеи
9 (RLIN) 202260
500 ## - Общи забележки
Забележка Ориг. загл. La conquete de l'Amerique. La question de l'autre / Tzvetan Todorov. - Библиогр. с. 244-248. - Пълното име на авт. е Цветан Тодоров Боров. - Кн. е изд. с конкурс на Нац. център за книгата
650 #4 - Допълнително описание по предмет – тема
Основно описание – тема или топоним Цивилизация - история
9 (RLIN) 250724
650 #4 - Допълнително описание по предмет – тема
Основно описание – тема или топоним Култура - история и семиотика
9 (RLIN) 298358
653 ## - Ключова дума – ненормативна
Ключова дума цивилизация
653 ## - Ключова дума – ненормативна
Ключова дума култура
700 1# - Други автори (авторска отговорност)
Лично име Боров, Цветан Тодоров
Автороска отговорност (Описва отношението между автора и произведението) *
9 (RLIN) 292734
700 1# - Други автори (авторска отговорност)
Лично име Атанасов, Стоян Илиев
9 (RLIN) 34409
852 ## - Местоположение
Форматна сигнатура Цб 172190
Фондова буква Хранилище
856 4# - Електронен адрес и достъп
Електронен формат pdf - файл
Инструкция (цена за достъп) 0.00
Права за достъп disable
856 4# - Електронен адрес и достъп
Електронен формат pdf - файл
Инструкция (цена за достъп) 0.00
Права за достъп disable
999 ## - СИСТЕМНИ КОНТРОЛНИ НОМЕРА
Koha biblionumber 77481
Koha biblioitemnumber 77481
942 ## - АРТИКУЛИ
Вид на библиотечния материал Книги
Скрит в OPAC Не
Koha issues (borrowed), all copies 2
Периодичен библиозапис Да
944 ## - СЪЗДАВАНЕ И РЕДАКЦИЯ на ЗАПИСА
Създаване/Редакция Създаване
Дата на регистрацията/редакция 29.02.2008
Служител, извършил регистрацията/редакцията 30560
Статус, дата на статуса Геновева Генчева
944 ## - СЪЗДАВАНЕ И РЕДАКЦИЯ на ЗАПИСА
Създаване/Редакция Редакция
Дата на регистрацията/редакция 06.02.2017
Служител, извършил регистрацията/редакцията Любка_Николова
999 ## - СИСТЕМНИ КОНТРОЛНИ НОМЕРА
Koha biblioitemnumber 77481
Наличности
Код за отписване Код за изгубен артикул Източник на класификационната схема Код за повреда Коз за рестрикции Код за отдаване Артикулен № Име на библиотеката - собственик Име на библиотеката, в която се намира в момента Статус (Текущо местоположение) Дата на вписване в системата Местоположение - отдел Цена в лева Инвентарен номер Систематично азбучна сигнатура Баркод Номер на екземпляра Цена в евро Служебна бележка Служебен тип на артикула
  Не е изгубен Universal Decimal Classification Не е повреден без рестрикции заемане за дома 125497 Регионална библиотека "Любен Каравелов" Русе Регионална библиотека "Любен Каравелов" Русе Заемна - подръчен фонд 2008-02-28 Заемна - подръчен фонд 3.00 120000724050 930/Т 64 Ц 120000724050 1 1.53 Дост: Ak Вид: Г N: 5 Дата: 28.02.2008 Дата инв: 07.02.2018 Бележки инв: П2018 Книги
Изтеглен Не е изгубен Universal Decimal Classification Не е повреден без рестрикции заемане за дома 125498 Регионална библиотека "Любен Каравелов" Русе Регионална библиотека "Любен Каравелов" Русе Заемна - подръчен фонд 1992-01-01 Заемна - подръчен фонд 2.80 580945 П 930/Т 64 580945 2 1.43 Дост: Pk Вид: Ф N: стар фонд Дата: 01.01.1992 Книги
Изтеглен Не е изгубен Universal Decimal Classification Не е повреден без рестрикции заемане за дома 125499 Регионална библиотека "Любен Каравелов" Русе Регионална библиотека "Любен Каравелов" Русе Заемна - подръчен фонд 1992-01-01 Заемна - подръчен фонд 2.79 580946 П 930/Т 64 580946 3 1.43 Дост: Pk Вид: Ф N: стар фонд Дата: 01.01.1992 Дата инв: 07.02.2018 Бележки инв: П2018 Книги
  Не е изгубен Universal Decimal Classification Не е повреден без рестрикции ползва се в читалня 125500 Регионална библиотека "Любен Каравелов" Русе Регионална библиотека "Любен Каравелов" Русе Хранилище 1992-01-01 Хранилище 1.40 576325 Цб 172190 120000576325 4 0.72 Дост: Dp Вид: Д N: стар фонд Дата: 01.01.1992 Книги
Vip Innovations Ltd, Rousse, Bulgaria 2025